Élimination par catégorie - Eléments - Statistiques

Statistiques générales
  • Ce quiz a été pris 9 886 fois
  • Le résultat moyen est 12 sur 20
Statistiques - réponses
Groupe # Catégorie % Correct
Vert 67 Métal non synthétique ...
98%
Bleu 95 Métal ...
89%
Bleu 40 ... sur le tableau périodique en 1870
87%
Orange 14 Élément dont le symbole n'est qu'une lettre ...
85%
Vert 44 ... ayant plus de 40 protons
84%
Orange 8 ... dans les 3 premières périodes
82%
Orange 4 ... présent dans l'air
82%
Bleu 20 ... ne se terminant pas par IUM
79%
Violet 67 Élément ayant plus de 50 protons ...
78%
Orange 2 ... mais pas dans la formule moléculaire de l'eau
75%
Vert 19 ... contenant un A
74%
Orange 1 ... et comportant généralement 12 nucléons. Carbone
53%
Bleu 5 ... plus éléctronégatif que le germanium
45%
Violet 14 ... dont le nom est associé à une personne
43%
Bleu 1 ... et dont le symbole commence par une voyelle. Or
41%
Violet 8 ... qui a un numéro atomique pair
30%
Violet 4 ... qui n'est pas un actinide ou un lanthanide
27%
Vert 3 ... de la famille des alcalins ou alcalinos-terreux
19%
Vert 1 ... et dont le nom est associé à la découverte de la radioactivité. Radium
16%
Violet 1 ... et qui termine par un N. Oganesson
7%
Aucun quiz correspondant
Distribution des résultats
% des personnes avec chaque résultat
Percentile par nombre de réponses
Votre historique - résultats
Vous n’avez pas pris ce quiz